[Event "London Classic FIDE Open"]
[Site "London ENG"]
[Date "2011.12.05"]
[Round "3"]
[White "Haddock, Paul"]
[Black "Lappas, Konstantinos"]
[Result "0-1"]
[WhiteElo "1695"]
[BlackElo "1992"]
[WhiteFideId "419150"]
[BlackFideId "4275748"]
[EventDate "2011.12.03"]

1. e4 c5 2. f4 Nc6 3. Nf3 g6 4. Bb5 Bg7 5. Nc3 Nd4 6. Nxd4 cxd4 7. Ne2 a6 8. Bc4
e6 9. O-O b5 10. Bb3 Bb7 11. d3 d5 12. exd5 Bxd5 13. Bxd5 Qxd5 14. Ng3 Nf6 15.
Bd2 O-O 16. Qf3 Rfc8 17. Qxd5 Nxd5 18. Rac1 Rc6 19. c4 dxc3 20. bxc3 Bxc3 21.
Ne4 Rac8 22. Nxc3 Nxc3 23. Bxc3 Rxc3 24. Rcd1 Rc2 25. Rf2 0-1

[Event "London Classic FIDE Open"]
[Site "London ENG"]
[Date "2011.12.05"]
[Round "3"]
[White "Pattni, Kishan"]
[Black "Hayward, Alan"]
[Result "1/2-1/2"]
[WhiteElo "1687"]
[BlackElo "1984"]
[WhiteFideId "420751"]
[BlackFideId "415936"]
[EventDate "2011.12.03"]

1. e4 d5 2. exd5 Nf6 3. Nc3 c6 4. dxc6 Nxc6 5. Nf3 e5 6. d3 Bc5 7. Be2 Bf5 8.
Bg5 O-O 9. O-O h6 10. Bxf6 Qxf6 11. Ne4 Bxe4 12. dxe4 Rfd8 13. Qc1 Nd4 14. Nxd4
Rxd4 15. Qe3 Rad8 16. Bd3 Qb6 17. Qc1 Rc8 18. Kh1 Rb4 19. b3 Bxf2 20. a3 Rd4 21.
Rxf2 Rxd3 22. Qf1 1/2-1/2

[Event "London Classic FIDE Open"]
[Site "London ENG"]
[Date "2011.12.05"]
[Round "3"]
[White "Reppen, Ellisiv"]
[Black "York-Andersen, Anna"]
[Result "1/2-1/2"]
[WhiteElo "1949"]
[BlackElo "1755"]
[WhiteFideId "1504959"]
[BlackFideId "416789"]
[EventDate "2011.12.03"]

1. e4 c6 2. d4 d5 3. Nc3 dxe4 4. Nxe4 Bf5 5. Ng3 Bg6 6. Nf3 Nd7 7. Bd3 Bxd3 8.
Qxd3 Qc7 9. O-O e6 10. c4 Ngf6 11. b3 Be7 12. Bb2 O-O 13. Rfd1 Rad8 14. Qc2 Nb6
15. Rac1 c5 16. dxc5 Qxc5 17. Bd4 Qc7 18. Ne4 Nbd7 19. Nxf6+ Bxf6 20. Be3 Ne5
21. Ng5 Ng6 22. Ne4 Be7 23. Nc3 Bc5 24. Nb5 Qb6 25. Bxc5 Qxc5 26. Rxd8 Rxd8 27.
Rd1 Rd5 28. Nc3 Rxd1+ 1/2-1/2

[Event "London Classic FIDE Open"]
[Site "London ENG"]
[Date "2011.12.05"]
[Round "3"]
[White "Pleininger, Rudolf"]
[Black "Miu, Marinel"]
[Result "1-0"]
[WhiteElo "1939"]
[BlackElo "1609"]
[WhiteFideId "1305999"]
[BlackFideId "1220691"]
[EventDate "2011.12.03"]

1. e4 d6 2. d4 e5 3. Nf3 Nc6 4. Be3 Nf6 5. Nc3 Be7 6. h3 exd4 7. Nxd4 Nxd4 8.
Qxd4 Be6 9. Be2 a6 10. a4 c5 11. Qd2 Qc7 12. Nd5 Nxd5 13. exd5 Bf5 14. c4 Bf6
15. g4 Be4 16. f3 Bh4+ 17. Bf2 Bxf2+ 18. Kxf2 Bg6 19. f4 f5 20. Bf3 O-O 21. g5
Rae8 22. h4 Re7 23. h5 Be8 24. a5 Bd7 25. Rhe1 Rfe8 26. h6 Rxe1 27. Rxe1 Rxe1
28. Qxe1 Qd8 29. hxg7 Qe8 30. Qc3 Qf7 31. Qf6 Qxf6 32. gxf6 Be8 33. Kg3 h6 34.
Kh4 Kh7 35. Bh5 Ba4 36. Bf7 1-0

[Event "London Classic FIDE Open"]
[Site "London ENG"]
[Date "2011.12.05"]
[Round "3"]
[White "Kluger, Carsten"]
[Black "Clayton, Tristan"]
[Result "1/2-1/2"]
[WhiteElo "2060"]
[BlackElo "1812"]
[WhiteFideId "4680855"]
[BlackFideId "416533"]
[EventDate "2011.12.03"]

1. e4 c6 2. Nc3 d5 3. f4 dxe4 4. Nxe4 Nf6 5. Nf2 g6 6. Nf3 Bg7 7. d4 Ng4 8. Ne4
Nf6 9. Ng3 Bg4 10. Be2 Nbd7 11. Qd3 Qc7 12. Bd2 Nd5 13. Ne5 Bxe2 14. Nxe2 O-O
15. O-O e6 16. c4 N5f6 17. Rac1 Rfd8 18. Qf3 c5 19. Bc3 cxd4 20. Nxd4 Nc5 21.
Rfd1 Nce4 22. Nb5 Qe7 23. Bd4 a6 24. Nc3 Nxc3 25. Bxc3 Qc7 26. Kh1 Rxd1+ 27.
Rxd1 Rd8 28. Rd3 Ne8 29. Rxd8 Qxd8 30. h3 Qc7 31. Qd3 Qd6 32. Qxd6 Nxd6 33. Nd7
Bxc3 34. bxc3 Nxc4 35. Nc5 Nd6 36. Kg1 Kf8 37. Kf1 Ke7 38. Ke2 h5 39. Kd3 a5 40.
g4 hxg4 41. hxg4 b6 42. Na4 Nc8 43. c4 Kf6 44. c5 bxc5 45. Nxc5 Nb6 46. Ne4+ 1/2-1/2

[Event "London Classic FIDE Open"]
[Site "London ENG"]
[Date "2011.12.05"]
[Round "3"]
[White "Andersen, Niels Erik"]
[Black "Bishop, Geoffrey L"]
[Result "0-1"]
[WhiteElo "2018"]
[BlackElo "1791"]
[WhiteFideId "1406507"]
[BlackFideId "417491"]
[EventDate "2011.12.03"]

1. d4 Nf6 2. c4 g6 3. Nc3 Bg7 4. e4 O-O 5. e5 Ne8 6. Nf3 d6 7. Be2 Nc6 8. Bf4
dxe5 9. dxe5 Bg4 10. O-O Bxf3 11. Bxf3 Nxe5 12. Bxb7 Qxd1 13. Nxd1 Rb8 14. Bxe5
Bxe5 15. Bf3 Nd6 16. c5 Nc4 17. Re1 Bf6 18. Ne3 Nxe3 19. Rxe3 Rxb2 20. Bd5 Rd2 0-1

[Event "London Classic FIDE Open"]
[Site "London ENG"]
[Date "2011.12.05"]
[Round "3"]
[White "Kouchak, Jason"]
[Black "Johnsen, Oystein"]
[Result "0-1"]
[WhiteElo "1776"]
[BlackElo "1949"]
[WhiteFideId "26011379"]
[BlackFideId "1515861"]
[EventDate "2011.12.03"]

1. d4 f5 2. Nf3 Nf6 3. Bf4 e6 4. e3 Be7 5. Bd3 O-O 6. Nbd2 d6 7. c3 Kh8 8. Qc2
Nh5 9. h4 Nd7 10. O-O-O c5 11. Bg5 h6 12. Bxe7 Qxe7 13. Rdg1 cxd4 14. exd4 Nf4
15. Bf1 e5 16. g3 Ne6 17. dxe5 dxe5 18. Bc4 e4 19. Bxe6 Qxe6 20. Nd4 Qxa2 21.
N2b3 Ne5 22. g4 Nd3+ 23. Kd2 fxg4 24. Ra1 Rxf2+ 25. Ne2 Qxb2 26. Qxb2 Nxb2 27.
Ke3 Rf3+ 28. Kxe4 Bf5+ 29. Kd4 Rd8+ 30. Kc5 Nd3+ 31. Kc4 Be6+ 32. Kb5 Bxb3 33.
Nd4 Rd5# 0-1

[Event "London Classic FIDE Open"]
[Site "London ENG"]
[Date "2011.12.05"]
[Round "3"]
[White "Cohen, Ronnie"]
[Black "Turner, David J"]
[Result "1-0"]
[WhiteElo "1930"]
[BlackElo "1775"]
[WhiteFideId "412082"]
[BlackFideId "419737"]
[EventDate "2011.12.03"]

1. e4 d6 2. d4 Nf6 3. Nc3 g6 4. Nf3 Bg7 5. Be3 c6 6. Qd2 h6 7. h3 b5 8. a3 Qa5
9. Bd3 a6 10. O-O Nfd7 11. Rfe1 e5 12. dxe5 dxe5 13. Rad1 Bb7 14. Bf1 Qc7 15.
Nh2 a5 16. Be2 Nf6 17. Bxb5 Nxe4 18. Nxe4 cxb5 19. Nd6+ Ke7 20. Nxb7 Qxb7 21.
Qd6+ 1-0

[Event "London Classic FIDE Open"]
[Site "London ENG"]
[Date "2011.12.05"]
[Round "3"]
[White "Bala kannamma.P"]
[Black "Zygourakis, Themistoklis"]
[Result "1-0"]
[WhiteElo "1927"]
[BlackElo "1688"]
[WhiteFideId "5081432"]
[BlackFideId "4215141"]
[EventDate "2011.12.03"]

1. e4 e6 2. d4 d5 3. Nd2 Nf6 4. e5 Nfd7 5. Bd3 c5 6. c3 Nc6 7. Ne2 cxd4 8. cxd4
Qb6 9. Nf3 f6 10. exf6 Nxf6 11. O-O Bd6 12. Bf4 Bxf4 13. Nxf4 Qxb2 14. Re1 O-O
15. Nxe6 Bxe6 16. Rxe6 Rf7 17. Re2 Qb4 18. Rb1 Qd6 19. h3 Qf4 20. Reb2 Ne4 21.
Qc2 Rb8 22. Re1 Re8 23. Qb1 Nd8 24. Rbe2 Rfe7 25. Qb3 Qf7 26. Ne5 Rxe5 27. dxe5
Nc5 28. Bxh7+ Kxh7 29. Qc2+ Ne4 30. f3 Nc6 31. Rf2 Nd4 32. Qd3 Nxf3+ 33. gxf3
Qg6+ 34. Rg2 Ng5 35. Qxg6+ Kxg6 36. f4 Kf5 37. Rxg5+ Kxf4 38. Rxg7 Rxe5 39. Rf7+ 1-0

[Event "London Classic FIDE Open"]
[Site "London ENG"]
[Date "2011.12.05"]
[Round "3"]
[White "Melcon Diez, Enrique"]
[Black "Torner Planell, Jordi"]
[Result "0-1"]
[WhiteElo "1632"]
[BlackElo "1917"]
[WhiteFideId "32043180"]
[BlackFideId "2285126"]
[EventDate "2011.12.03"]

1. c4 e5 2. Nc3 Nf6 3. Nf3 Nc6 4. g3 d5 5. cxd5 Nxd5 6. Bg2 Nb6 7. O-O Be7 8. a3
O-O 9. b4 Re8 10. d3 Bf8 11. Bb2 Nd4 12. Nxd4 exd4 13. Nb5 c5 14. Rc1 a6 15.
bxc5 axb5 16. cxb6 Qxb6 17. Bf3 Bxa3 18. Ra1 b4 19. Qb1 Qd6 20. Rc1 h6 21. Rc4
Ra5 22. Rxd4 Qa6 23. e3 Be6 24. Bxa3 Rxa3 25. Rxa3 bxa3 26. Bxb7 a2 0-1

[Event "London Classic FIDE Open"]
[Site "London ENG"]
[Date "2011.12.05"]
[Round "3"]
[White "De Lagontrie, Jean"]
[Black "Lie, Terje"]
[Result "1-0"]
[WhiteElo "1912"]
[BlackElo "1644"]
[WhiteFideId "605271"]
[BlackFideId "1504916"]
[EventDate "2011.12.03"]

1. d4 Nf6 2. c4 e6 3. Nc3 Bb4 4. e3 O-O 5. Ne2 d5 6. a3 Bxc3+ 7. Nxc3 dxc4 8.
Bxc4 Nd5 9. O-O Nxc3 10. bxc3 b6 11. Re1 Bb7 12. e4 Re8 13. e5 Ba6 14. Bxa6 Nxa6
15. Qg4 c5 16. Bg5 Qc7 17. Bf6 g6 18. Re3 Nb8 19. Rh3 Nd7 20. Rxh7 Nxf6 21. exf6
Qd8 22. Rg7+ Kf8 23. Qh4 Qxf6 24. Qxf6 Re7 25. Rh7 1-0

[Event "London Classic FIDE Open"]
[Site "London ENG"]
[Date "2011.12.05"]
[Round "3"]
[White "Fields, Francis E"]
[Black "Steinhart, Roel"]
[Result "1-0"]
[WhiteElo "1897"]
[BlackElo "1594"]
[WhiteFideId "409367"]
[BlackFideId "1040146"]
[EventDate "2011.12.03"]

1. Nf3 d5 2. b3 Bg4 3. e3 e5 4. Be2 e4 5. Nd4 h5 6. Bxg4 hxg4 7. Qxg4 Nf6 8. Qe2
g6 9. c4 Bd6 10. Nc3 Be5 11. cxd5 Nxd5 12. Qb5+ Nc6 13. Nxc6 Nxc3 14. Qxe5+ 1-0

[Event "London Classic FIDE Open"]
[Site "London ENG"]
[Date "2011.12.06"]
[Round "4"]
[White "Gupta, Abhijeet"]
[Black "Das, Arghyadip"]
[Result "1-0"]
[WhiteTitle "GM"]
[BlackTitle "IM"]
[WhiteElo "2640"]
[BlackElo "2470"]
[WhiteFideId "5010608"]
[BlackFideId "5003610"]
[EventDate "2011.12.03"]

1. d4 Nf6 2. c4 g6 3. f3 Bg7 4. e4 d6 5. Nc3 O-O 6. Nge2 Nc6 7. Be3 a6 8. Qd2
Rb8 9. Rc1 e6 10. b3 Re8 11. g3 Ne7 12. Bg2 b5 13. cxb5 axb5 14. O-O Ba6 15. Rc2
Qd7 16. Rfc1 Rec8 17. Nd1 Ne8 18. Nf2 f5 19. Nf4 Bb7 20. h4 Nf6 21. g4 c6 22.
Bh3 Rf8 23. gxf5 gxf5 24. Kh2 Ng6 25. Nxg6 hxg6 26. Rg1 Qf7 27. Bh6 Nh5 28. Bxg7
Kxg7 29. Qg5 Kh7 30. Nd3 c5 31. d5 Qf6 32. Rcg2 fxe4 33. fxe4 Qxg5 34. Rxg5 Rf3
35. Bg4 Rxd3 36. Bxh5 Rd2+ 37. Kh1 exd5 38. Bxg6+ Kg7 39. Rf1 dxe4 40. Bxe4+ Kh8
41. Rh5+ Kg8 42. Rg1+ Kf8 43. Bxb7 1-0

[Event "London Classic FIDE Open"]
[Site "London ENG"]
[Date "2011.12.06"]
[Round "4"]
[White "Pert, Richard G"]
[Black "Jones, Gawain C B"]
[Result "0-1"]
[WhiteTitle "IM"]
[BlackTitle "GM"]
[WhiteElo "2455"]
[BlackElo "2635"]
[WhiteFideId "404748"]
[BlackFideId "409561"]
[EventDate "2011.12.03"]

1. d4 Nf6 2. Bg5 e6 3. Nd2 h6 4. Bh4 c5 5. e4 cxd4 6. e5 g5 7. Bg3 Nd5 8. h4
gxh4 9. Rxh4 Nc6 10. Ngf3 Be7 11. Rh5 Qa5 12. Bd3 b5 13. Be4 Ne3 14. fxe3 dxe3
15. Bf4 exd2+ 16. Qxd2 Bb7 17. Qxa5 Nxa5 18. Bxb7 Nxb7 19. Rxh6 O-O-O 20. Rxh8
Rxh8 21. Kf2 Nc5 22. Re1 Na4 23. Bg5 Kd8 24. Bxe7+ Kxe7 25. b3 Nc3 26. a3 Rg8
27. Rh1 Ne4+ 28. Ke3 d5 29. exd6+ Nxd6 30. Rg1 Rg4 31. Kd3 f6 32. Nd4 Kd7 33. g3
e5 34. Ne2 Ke6 35. Rh1 Nf5 36. Rh7 Nxg3 37. Rxa7 e4+ 38. Kd2 Nxe2 39. Kxe2 Ke5
40. Rb7 Kf4 41. Rxb5 Rg2+ 42. Kd1 f5 43. c4 e3 44. c5 Rd2+ 45. Ke1 Rc2 46. Kd1
Rd2+ 47. Ke1 Kf3 48. c6 f4 49. Rc5 Ra2 50. Rc1 Rh2 51. Kd1 Rh1+ 52. Kc2 Rxc1+
53. Kxc1 e2 0-1

[Event "London Classic FIDE Open"]
[Site "London ENG"]
[Date "2011.12.06"]
[Round "4"]
[White "Chevelevitch, Evgueni"]
[Black "Berg, Emanuel"]
[Result "1/2-1/2"]
[WhiteTitle "IM"]
[BlackTitle "GM"]
[WhiteElo "2435"]
[BlackElo "2566"]
[WhiteFideId "4684257"]
[BlackFideId "1704060"]
[EventDate "2011.12.03"]

1. e4 e6 2. d4 d5 3. Nd2 Nf6 4. e5 Nfd7 5. Bd3 c5 6. c3 Nc6 7. Ne2 cxd4 8. cxd4
f6 9. exf6 Nxf6 10. Nf3 Bd6 11. O-O Qc7 12. Bg5 O-O 13. Rc1 h6 14. Bd2 Bd7 15.
a3 a6 16. Ng3 Rae8 17. Bc3 Qb8 18. Bg6 Re7 19. Re1 Be8 20. Bc2 Bf4 21. Ra1 g5
22. Ne5 Bxe5 23. dxe5 Nd7 24. Nf5 1/2-1/2

[Event "London Classic FIDE Open"]
[Site "London ENG"]
[Date "2011.12.06"]
[Round "4"]
[White "Houska, Jovanka"]
[Black "Cornette, Matthieu"]
[Result "1-0"]
[WhiteTitle "IM"]
[BlackTitle "GM"]
[WhiteElo "2415"]
[BlackElo "2548"]
[WhiteFideId "405094"]
[BlackFideId "620084"]
[EventDate "2011.12.03"]

1. d4 Nf6 2. Nf3 c5 3. d5 b5 4. Bg5 Qb6 5. Bxf6 Qxf6 6. c3 d6 7. e4 a6 8. Nbd2
g5 9. h3 Nd7 10. Be2 h5 11. Nf1 b4 12. Qc2 Bg7 13. Rc1 bxc3 14. bxc3 Bh6 15. g4
Bg7 16. gxh5 Rxh5 17. Ne5 Rh4 18. Ng4 Qg6 19. Qa4 Qh7 20. Ng3 Qh8 21. Nf5 Bxc3+
22. Kf1 Rh7 23. Rb1 Bb2 24. e5 Rb8 25. exd6 Rb4 26. Qa5 Nb6 27. Qxc5 Bxf5 28.
Qxb4 Bxb1 29. Qxb6 exd6 30. Qb8+ Ke7 31. Qc7+ Kf8 32. Qb8+ Ke7 33. Qc7+ Kf8 34.
Qxd6+ Kg7 35. Qb6 Kf8 36. Qb8+ Ke7 37. d6+ Ke6 38. Qc7 Rxh3 39. Bc4+ Kf5 40.
Qxf7+ Ke4 41. Kg2 1-0

[Event "London Classic FIDE Open"]
[Site "London ENG"]
[Date "2011.12.06"]
[Round "4"]
[White "D'Costa, Lorin A R"]
[Black "Hebden, Mark L"]
[Result "1-0"]
[WhiteTitle "IM"]
[BlackTitle "GM"]
[WhiteElo "2409"]
[BlackElo "2515"]
[WhiteFideId "409219"]
[BlackFideId "400084"]
[EventDate "2011.12.03"]

1. d4 Nf6 2. c4 g6 3. Nf3 Bg7 4. g3 O-O 5. Bg2 d6 6. O-O Nc6 7. Nc3 Rb8 8. b3 a6
9. Bb2 b5 10. cxb5 axb5 11. Rc1 b4 12. Na4 Na5 13. Qc2 c6 14. Ne1 Ba6 15. Nd3
Bb5 16. Rfd1 Bxa4 17. bxa4 Qb6 18. e3 Nd5 19. Ba1 Qa6 20. Bf1 Qa8 21. Rb1 Rfc8
22. Bg2 Qa6 23. Rdc1 f5 24. h4 e6 25. Bf1 Qa7 26. Qe2 b3 27. Nf4 Nxf4 28. exf4
Re8 29. Rd1 bxa2 30. Qxa2 Rxb1 31. Qxb1 d5 32. Bc3 Rb8 33. Qc2 Nb3 34. a5 Nxd4
35. Bxd4 Bxd4 36. Qxc6 Bxf2+ 37. Kg2 Kf7 38. Rd2 Be3 39. Re2 d4 40. Ra2 Qa8 41.
Qxa8 Rxa8 42. Bd3 e5 43. fxe5 Ke6 44. a6 Kxe5 45. Ra5+ Kd6 46. g4 Bd2 1-0

[Event "London Classic FIDE Open"]
[Site "London ENG"]
[Date "2011.12.06"]
[Round "4"]
[White "Grover, Sahaj"]
[Black "Roy Chowdhury, Saptarshi"]
[Result "1-0"]
[WhiteTitle "IM"]
[BlackTitle "IM"]
[WhiteElo "2515"]
[BlackElo "2411"]
[WhiteFideId "5021103"]
[BlackFideId "5002974"]
[EventDate "2011.12.03"]

1. d4 Nf6 2. c4 c5 3. d5 e5 4. Nc3 d6 5. e4 Nbd7 6. Nf3 Be7 7. g3 O-O 8. Bg2 Ne8
9. O-O g6 10. Ne1 Ng7 11. Nd3 f5 12. f4 exf4 13. Bxf4 fxe4 14. Nxe4 Nf6 15.
Ndxc5 Bf5 16. Nxb7 Qb6+ 17. c5 Qxb7 18. Nxd6 Qxb2 19. Nxf5 Bxc5+ 20. Be3 Bb6 21.
Rb1 Qe5 22. Rxb6 axb6 23. Bd4 Qxf5 24. Rxf5 Nxf5 25. Bxb6 Nd6 26. Bc5 Rfd8 27.
Qd4 Kf7 28. Qe5 Nf5 29. h3 Rac8 30. d6 h5 31. g4 hxg4 32. hxg4 Rxc5 33. Qxc5
Nxd6 34. g5 Nfe8 35. Qe5 Rb8 36. Bd5+ Kf8 37. Qh8+ 1-0

[Event "London Classic FIDE Open"]
[Site "London ENG"]
[Date "2011.12.06"]
[Round "4"]
[White "Hillarp Persson, Tiger"]
[Black "Berry, Neil"]
[Result "1-0"]
[WhiteTitle "GM"]
[BlackTitle "FM"]
[WhiteElo "2530"]
[BlackElo "2312"]
[WhiteFideId "1700812"]
[BlackFideId "2400650"]
[EventDate "2011.12.03"]

1. d4 d5 2. c4 e6 3. Nc3 Be7 4. cxd5 exd5 5. Bf4 c6 6. e3 Bf5 7. g4 Be6 8. h4
Nd7 9. h5 Nh6 10. Be2 Nb6 11. Nh3 g5 12. hxg6 hxg6 13. f3 Bh4+ 14. Nf2 g5 15.
Rxh4 gxh4 16. Qb3 Qe7 17. O-O-O f6 18. Nd3 Nf7 19. Nc5 Nd8 20. a4 h3 21. a5 Nc4
22. Bxc4 dxc4 23. Qc2 b6 24. N5e4 Nf7 25. Ng3 Ng5 26. Bxg5 fxg5 27. Qg6+ Kd7 28.
d5 cxd5 29. Nxd5 Bxd5 30. Nf5 Qe5 31. Qf7+ Kc8 32. Rxd5 h2 33. Qd7+ Kb8 34. Rxe5
h1=Q+ 35. Qd1 Qxd1+ 36. Kxd1 Kc7 37. Re7+ Kc6 38. Kc2 b5 39. Kc3 Rh1 40. Nd4+
Kd6 41. Rg7 a6 42. Rxg5 Rc1+ 43. Kd2 Rg1 44. e4 Rh8 45. Rd5+ Ke7 46. e5 Rg2+ 47.
Ke3 Rxb2 48. Nc6+ Kf7 49. Rd7+ Kg6 50. Ne7+ Kf7 51. Nf5+ Ke6 52. Rd6+ Kf7 53.
e6+ Kf6 54. e7+ Kf7 55. g5 Rg2 56. g6+ Rxg6 57. Rxg6 Kxg6 58. Nd6 b4 59. e8=Q+
Rxe8+ 60. Nxe8 b3 61. Kd2 Kf5 62. Nc7 1-0

[Event "London Classic FIDE Open"]
[Site "London ENG"]
[Date "2011.12.06"]
[Round "4"]
[White "Richardson, John R"]
[Black "Wells, Peter K"]
[Result "0-1"]
[WhiteTitle "FM"]
[BlackTitle "GM"]
[WhiteElo "2331"]
[BlackElo "2492"]
[WhiteFideId "401617"]
[BlackFideId "400327"]
[EventDate "2011.12.03"]

1. c4 e6 2. Nc3 Nf6 3. e4 c5 4. e5 Ng8 5. Nf3 d6 6. exd6 Bxd6 7. d4 cxd4 8. Nxd4
a6 9. Be2 Ne7 10. O-O O-O 11. Be3 Qc7 12. g3 Rd8 13. Qc2 e5 14. Nb3 Bf5 15. Bd3
Bxd3 16. Qxd3 Bc5 17. Nd5 Nxd5 18. Bxc5 Nf6 19. Qe2 Nbd7 20. Be3 h6 21. Rfd1 Nf8
22. Nc5 Qc6 23. b4 b5 24. Rxd8 Rxd8 25. a4 bxc4 26. Qxc4 Qf3 27. Qxa6 Ng4 28.
Qf1 Nxe3 29. fxe3 Qxe3+ 30. Qf2 Qc3 31. Rb1 Nh7 32. Ne4 Qc4 33. Qb6 Ra8 34. Qe3
Rxa4 35. b5 Qxe4 36. Qxe4 Rxe4 37. b6 Nf6 38. b7 Nd7 39. Rc1 Rb4 40. Rc7 Nf8 41.
Kf2 g6 0-1

[Event "London Classic FIDE Open"]
[Site "London ENG"]
[Date "2011.12.06"]
[Round "4"]
[White "Hunt, Adam C"]
[Black "Martyn, Rafe"]
[Result "1-0"]
[WhiteTitle "IM"]
[BlackTitle "FM"]
[WhiteElo "2458"]
[BlackElo "2249"]
[WhiteFideId "403970"]
[BlackFideId "409626"]
[EventDate "2011.12.03"]

1. e4 d5 2. exd5 Qxd5 3. Nc3 Qa5 4. g3 Nf6 5. Bg2 c6 6. Nf3 Bg4 7. h3 Bxf3 8.
Qxf3 e6 9. O-O Bd6 10. d3 Qc7 11. Nb5 Qd8 12. Nxd6+ Qxd6 13. Bf4 Qe7 14. g4 O-O
15. Qg3 Rd8 16. Bc7 Rc8 17. Bd6 Qd8 18. b4 a6 19. a4 Nbd7 20. b5 axb5 21. axb5
Rxa1 22. Rxa1 Qb6 23. bxc6 bxc6 24. Qe3 c5 25. Bg3 Nd5 26. Qe1 h6 27. Rb1 Qa6
28. Ra1 Qb6 29. Bf1 Nb4 30. Qb1 e5 31. Bg2 Qd6 32. Ra7 Nb8 33. Qb3 Rf8 34. Qa4
N4c6 35. Ra6 Rc8 36. Rb6 Qc7 37. Rb2 Nd7 38. c3 Nf8 39. Bxc6 Qxc6 40. Qxc6 Rxc6
41. Bxe5 f6 42. Bg3 Kf7 43. Rb7+ Kg6 44. f4 f5 45. Kf2 Ne6 46. Rd7 fxg4 47. hxg4
Kf6 48. f5 Ng5 49. Bd6 c4 50. Be7+ Ke5 51. Ke3 cxd3 52. Bf8 Nh7 53. Bxg7+ Nf6
54. Kxd3 Kf4 55. Bxf6 Rxf6 56. Rd4+ Kf3 57. Kc4 Rc6+ 58. Kd5 Rxc3 59. f6 Rc8 60.
Ke6 Ra8 61. f7 Ke3 62. Rb4 Kf3 63. Ke7 Ra7+ 64. Kf6 Ra8 65. Kg7 h5 66. gxh5 1-0

[Event "London Classic FIDE Open"]
[Site "London ENG"]
[Date "2011.12.06"]
[Round "4"]
[White "Summerscale, Aaron P"]
[Black "Webb, Laurence E"]
[Result "1/2-1/2"]
[WhiteTitle "GM"]
[BlackTitle "FM"]
[WhiteElo "2422"]
[BlackElo "2283"]
[WhiteFideId "400980"]
[BlackFideId "402389"]
[EventDate "2011.12.03"]

1. Nf3 Nc6 2. d4 d5 3. c4 e5 4. Nxe5 Nxe5 5. dxe5 d4 6. e4 Ne7 7. Bd3 Nc6 8. f4
g5 9. Nd2 gxf4 10. Nf3 Bb4+ 11. Kf2 Bg4 12. Bxf4 Qd7 13. h3 Bxf3 14. Qxf3 O-O-O
15. Rhf1 Bf8 16. Qh5 Bg7 17. Kg1 Rde8 18. Bh2 Re7 19. Rf5 Rhe8 20. Raf1 Bxe5 21.
Rxf7 Bxh2+ 22. Kxh2 Ne5 23. Rxe7 Qxe7 24. Rd1 c5 25. Be2 Rd8 26. b3 Kb8 27. Bg4
a6 28. Bf5 Qd6 29. Kh1 h6 30. Qe2 Rg8 31. Qf2 Rd8 32. Qe2 Ka7 33. Qf2 Ka8 34.
Qe2 Ka7 35. Qf2 1/2-1/2

[Event "London Classic FIDE Open"]
[Site "London ENG"]
[Date "2011.12.06"]
[Round "4"]
[White "Alfred, Nathan S W"]
[Black "Ansell, Simon T"]
[Result "1-0"]
[WhiteTitle "FM"]
[BlackTitle "IM"]
[WhiteElo "2294"]
[BlackElo "2389"]
[WhiteFideId "407739"]
[BlackFideId "402141"]
[EventDate "2011.12.03"]

1. d4 d5 2. c4 c6 3. Nf3 Nf6 4. Nc3 dxc4 5. a4 Bf5 6. e3 e6 7. Bxc4 Bb4 8. O-O
O-O 9. Qe2 Nbd7 10. Rd1 Bg6 11. Ne5 Qa5 12. Nxg6 hxg6 13. Bd2 Rad8 14. Be1 e5
15. d5 Qc7 16. e4 a5 17. Rac1 Qb6 18. Kh1 Bc5 19. Rb1 Bd4 20. f3 Rfe8 21. Qc2
Nf8 22. Qb3 Qxb3 23. Bxb3 N8d7 24. Ne2 Bb6 25. dxc6 bxc6 26. Bc4 Ra8 27. Rd6
Rec8 28. Rbd1 Rc7 29. g4 Raa7 30. Kg2 Kf8 31. Bc3 Bc5 32. R6d2 Ke7 33. Nc1 Rcb7
34. Nd3 Bd6 35. Rc2 Ne8 36. h4 Nc7 37. Be1 Ne8 38. Bf2 Ra8 39. Ba2 Rc8 40. Rdc1
Nb8 41. Be1 Ra7 42. Bf2 Rb7 43. Be1 Ra7 44. Nc5 Nf6 45. Bf2 Ra8 46. Nb7 Bb4 47.
Nc5 Rd8 48. Bc4 Rd2 49. Rxd2 Bxd2 50. Rd1 Bb4 51. Be3 Ne8 52. Bg5+ f6 53. Be3
Ra7 54. Kf2 Rc7 55. Ke2 Nd6 56. Bb3 Nd7 57. Nd3 Rb7 58. Ba2 Nc8 59. Nxb4 Rxb4
60. b3 Rb8 61. Rc1 Kd6 62. Bd2 Nc5 63. Rd1 Ke7 64. Ke3 Nb7 65. h5 gxh5 66. gxh5
Ncd6 67. Rg1 Ne8 68. b4 axb4 69. Bxb4+ c5 70. Ba3 Ra8 71. Bb3 Kd7 72. Bb2 Nbd6
73. Bc3 c4 74. Bc2 Kc6 75. a5 Nb5 76. Ba4 Kc5 77. Bxb5 Kxb5 78. Rb1+ Kc6 79.
Rb6+ Kc7 80. Bb4 Rd8 81. Rb5 Rd3+ 82. Ke2 Rb3 83. Rc5+ Kb7 84. Rxc4 Nc7 85. Bd2
Ne6 86. Be3 Rb2+ 87. Kd3 Nc7 88. Bb6 Na6 89. Rc1 Rg2 90. Rg1 Rxg1 91. Bxg1 Nc7
92. Kc4 Kc6 93. Be3 Ne6 94. a6 Nc7 95. a7 Kb7 96. Bc5 Ne6 97. Be3 Nc7 98. Kc5
Kxa7 99. Kd6+ Kb7 100. Ke7 Kc6 101. Kf7 Kd7 102. Kxg7 Ke6 103. h6 Ne8+ 104. Kg8
f5 105. Bg5 fxe4 106. h7 1-0

[Event "London Classic FIDE Open"]
[Site "London ENG"]
[Date "2011.12.06"]
[Round "4"]
[White "Croad, Nicolas"]
[Black "Mikkelsen, Nikolaj"]
[Result "1-0"]
[WhiteTitle "FM"]
[BlackTitle "IM"]
[WhiteElo "2292"]
[BlackElo "2381"]
[WhiteFideId "4300793"]
[BlackFideId "1407970"]
[EventDate "2011.12.03"]

1. d4 Nf6 2. c4 g6 3. Nc3 Bg7 4. e4 d6 5. Nf3 O-O 6. Be2 Na6 7. O-O e5 8. Be3
Ng4 9. Bg5 Qe8 10. dxe5 dxe5 11. h3 f6 12. Bd2 Nh6 13. c5 c6 14. Bxa6 bxa6 15.
Bxh6 Bxh6 16. Qa4 Rf7 17. Rfd1 Bf8 18. b4 Be6 19. Qxa6 Qc8 20. Qa5 Qc7 21. Qa6
Qb7 22. Qa5 Be7 23. Rd2 Rff8 24. Rad1 Rfb8 25. a3 Kf7 26. Nd5 Bd8 27. Qa4 Kf8
28. g4 a5 29. Nb6 Bxb6 30. cxb6 Qxb6 31. Rd6 axb4 32. Qxb4 Qxb4 33. axb4 Ke7 34.
Rxc6 Rc8 35. Rxc8 Rxc8 36. Ra1 Rb8 37. Ra7+ Kf8 38. Ra6 Ke7 39. Ra7+ Kf8 40. Ra6
Ke7 41. g5 Rb7 42. h4 fxg5 43. Nxg5 Bc8 44. Nxh7 Rxb4 45. Ra7+ Bb7 46. Ng5 Kf6
47. Kh2 Rb1 48. Ra3 Rb2 49. Kg3 Kg7 50. Rc3 Rb5 51. f3 Kg8 52. Rc7 Kf8 53. Kg4
Rb1 54. Rc5 Rg1+ 55. Kh3 Ba6 56. Kh2 Ra1 57. Rxe5 Bf1 58. Re6 Kg7 59. Re7+ Kf6
60. Re6+ Kg7 61. Kg3 Ra2 62. Kf4 Rh2 63. Re7+ Kg8 64. Ke5 Rxh4 65. Kf6 Rf4+ 66.
Kxg6 Kf8 67. Re5 Kg8 68. Nh7 1-0